Estatísticas para Cultura Geral

Clique aqui para jogar o quiz

Estatísticas Gerais

  • Esse quiz foi jogado 12 vezes
  • A pontuação média é 4 de 15

Estatísticas das Respostas

HintResposta% Correto
Um rissol é doce ou salgado?Salgado
80%
Das quatro estações do ano qual é a mais friaInverno
70%
Qual é o terceiro mês do calendário gregoriano?Março
70%
Qual é o país de origem da Vodca?Rússia
70%
Em que país podemos encontrar a cidade de Aberdeen?Escócia
30%
Que nome damos ao momento que marca o início da primavera e do outono no planeta?Equinócio
20%
Que modelo tem como apelido Klum,?Heidi
20%
Quem canta a música "Man in the Mirror"?Michael Jackson
20%
O que é uma Kvas?Bebida
10%
Quem canta a música "Since U Been Gone"?Kelly Clarkson
10%
Quem canta a música "Sex on Fire?Kings of Leon
10%
Quem faz um dueto com o Michael Jackson na música "The Girl is Mine"?Paul McCartney
10%
De que país a Ovdukh é uma sopa típica?Afeganistão
0%
Normalmente a Dolma é enrolada em que vegetal?Couve
0%
Em que estado dos EUA podemos encontrar a cidade de Norfolk?Virgínia
0%

Distribuição das Pontuações

Percentil de Números Respondidos

Porcentagem de Pessoas com Cada Pontuação

Sua Pontuação Histórica

Você não jogou esse quiz